00422nam a2200145Ia 4500008004100000041000900041082001900050100002100069245002100090260003600111300000800147650000800155999001700163952009600180230718s9999 xx 000 0 und d aEng. a343.055bKHO-C aKhorkhar, Anwer  0aCivil law digest aPakistanbPakistan Lahorec2018 a626 aLaw c32273d32273 00104070aSIRC-LbSIRC-Ld2023-07-18l0o343.055 KHO-Cp27224r2023-07-18w2023-07-18yBK